| 000 | 00705cam a2200205 a 4500 | ||
|---|---|---|---|
| 999 |
_c3963 _d3963 |
||
| 020 | _a0393977676 | ||
| 022 | _a9780393977677 | ||
| 050 | 0 | 0 |
_aBF121 _b.G58 |
| 100 | 1 | _aGleitman, Henry. | |
| 245 | 1 | 0 |
_aPsychology / _cHenry Gleitman, Alan J. Fridlund, Daniel Reisberg. |
| 250 | _a6th ed. | ||
| 260 |
_aNew York : _bW.W. Norton, _cc2004. |
||
| 300 |
_a1 v. (various pagings) : _bill. (mostly col.) ; _c29 cm. |
||
| 500 | _aIncludes bibliographical references and index | ||
| 505 | _aPart 1. Action Part 2.Cognition Part 3. Social behavior Part 4. Development Part 5. Individual differences | ||
| 650 | 0 | _aPsychology | |
| 700 | 1 | _aFridlund, Alan J. | |
| 700 | 1 | _aReisberg, Daniel. | |
| 942 | _cBK | ||